<?xml version="1.0" encoding="UTF-8"?>
<record
    xmlns:xsi="http://www.w3.org/2001/XMLSchema-instance"
    xsi:schemaLocation="http://www.loc.gov/MARC21/slim http://www.loc.gov/standards/marcxml/schema/MARC21slim.xsd"
    xmlns="http://www.loc.gov/MARC21/slim">

  <leader>00694nam a22001337a 4500</leader>
  <datafield tag="040" ind1=" " ind2=" ">
    <subfield code="c">RUA</subfield>
  </datafield>
  <datafield tag="082" ind1=" " ind2=" ">
    <subfield code="a">LMA LIV 2015 B529 Or.1</subfield>
  </datafield>
  <datafield tag="100" ind1=" " ind2=" ">
    <subfield code="a">LIV UDDAMMONYREATH; &#x179B;&#x17B8;&#x179C; &#x17A7;&#x178F;&#x17D2;&#x178F;&#x1798;&#x1798;&#x17BB;&#x1793;&#x17D2;&#x1793;&#x17B8;&#x179A;&#x17D0;&#x178F;&#x17D2;&#x1793;</subfield>
  </datafield>
  <datafield tag="245" ind1=" " ind2=" ">
    <subfield code="a">Study on immovable property transaction in sangkat veal sbov, khan chbar ompov, phnom penh; &#x179F;&#x17B7;&#x1780;&#x17D2;&#x179F;&#x17B6;&#x1796;&#x17B8;&#x1780;&#x17B6;&#x179A;&#x1795;&#x17D2;&#x1791;&#x17C1;&#x1780;&#x1798;&#x17D2;&#x1798;&#x179F;&#x17B7;&#x1791;&#x17D2;&#x1792;&#x17B7;&#x179B;&#x17BE;&#x17A2;&#x1785;&#x179B;&#x1793;&#x1791;&#x17D2;&#x179A;&#x1796;&#x17D2;&#x1799; &#x1793;&#x17C5;&#x179F;&#x1784;&#x17D2;&#x1780;&#x17B6;&#x178F;&#x17CB;&#x179C;&#x17B6;&#x179B;&#x179F;&#x17D2;&#x1794;&#x17BC;&#x179C; &#x1781;&#x178E;&#x17D2;&#x178C;&#x1785;&#x17D2;&#x1794;&#x17B6;&#x179A;&#x17A2;&#x17C6;&#x1796;&#x17C5; &#x179A;&#x17B6;&#x1787;&#x1792;&#x17B6;&#x1793;&#x17B8;&#x1797;&#x17D2;&#x1793;&#x17C6;&#x1796;&#x17C1;&#x1789;</subfield>
  </datafield>
  <datafield tag="260" ind1=" " ind2=" ">
    <subfield code="a">Phnom Penh</subfield>
    <subfield code="b">LIV</subfield>
    <subfield code="c">2015</subfield>
  </datafield>
  <datafield tag="300" ind1=" " ind2=" ">
    <subfield code="a">ix;43p.</subfield>
    <subfield code="b">ill.</subfield>
    <subfield code="c">29cm.</subfield>
  </datafield>
  <datafield tag="856" ind1=" " ind2=" ">
    <subfield code="u">LIV UDDAMMONYREATH</subfield>
  </datafield>
  <datafield tag="942" ind1=" " ind2=" ">
    <subfield code="c">LMA</subfield>
  </datafield>
  <datafield tag="999" ind1=" " ind2=" ">
    <subfield code="c">10813</subfield>
    <subfield code="d">10813</subfield>
  </datafield>
  <datafield tag="952" ind1=" " ind2=" ">
    <subfield code="0">0</subfield>
    <subfield code="1">0</subfield>
    <subfield code="2">ddc</subfield>
    <subfield code="4">0</subfield>
    <subfield code="6">LMA_LIV_2015_000000000000000_B529_OR_1</subfield>
    <subfield code="7">0</subfield>
    <subfield code="9">56513</subfield>
    <subfield code="a">LBB</subfield>
    <subfield code="b">LBB</subfield>
    <subfield code="c">B529</subfield>
    <subfield code="d">2016-11-10</subfield>
    <subfield code="o">LMA LIV 2015 B529 Or.1</subfield>
    <subfield code="p">A04353</subfield>
    <subfield code="r">2016-11-10</subfield>
    <subfield code="w">2016-11-10</subfield>
    <subfield code="y">LMA</subfield>
  </datafield>
  <datafield tag="952" ind1=" " ind2=" ">
    <subfield code="0">0</subfield>
    <subfield code="1">0</subfield>
    <subfield code="2">ddc</subfield>
    <subfield code="4">0</subfield>
    <subfield code="6">LMA_LIV_2015_000000000000000_B529_OR_2</subfield>
    <subfield code="7">0</subfield>
    <subfield code="9">56514</subfield>
    <subfield code="a">LBB</subfield>
    <subfield code="b">LBB</subfield>
    <subfield code="c">B529</subfield>
    <subfield code="d">2016-11-10</subfield>
    <subfield code="o">LMA LIV 2015 B529 Or.2</subfield>
    <subfield code="p">A03438</subfield>
    <subfield code="r">2016-11-10</subfield>
    <subfield code="w">2016-11-10</subfield>
    <subfield code="y">LMA</subfield>
  </datafield>
  <datafield tag="952" ind1=" " ind2=" ">
    <subfield code="0">0</subfield>
    <subfield code="1">0</subfield>
    <subfield code="2">ddc</subfield>
    <subfield code="4">0</subfield>
    <subfield code="6">LMA_LIV_2015_000000000000000_B529_OR_3</subfield>
    <subfield code="7">0</subfield>
    <subfield code="9">56515</subfield>
    <subfield code="a">LBB</subfield>
    <subfield code="b">LBB</subfield>
    <subfield code="c">B529</subfield>
    <subfield code="d">2016-11-10</subfield>
    <subfield code="l">2</subfield>
    <subfield code="o">LMA LIV 2015 B529 Or.3</subfield>
    <subfield code="p">A03363</subfield>
    <subfield code="r">2023-09-04</subfield>
    <subfield code="s">2023-08-14</subfield>
    <subfield code="w">2016-11-10</subfield>
    <subfield code="y">LMA</subfield>
  </datafield>
  <datafield tag="952" ind1=" " ind2=" ">
    <subfield code="0">0</subfield>
    <subfield code="1">0</subfield>
    <subfield code="2">ddc</subfield>
    <subfield code="4">0</subfield>
    <subfield code="6">LMA_LIV_2015_000000000000000_B529_OR_4</subfield>
    <subfield code="7">0</subfield>
    <subfield code="9">56516</subfield>
    <subfield code="a">LBB</subfield>
    <subfield code="b">LBB</subfield>
    <subfield code="c">B529</subfield>
    <subfield code="d">2016-11-10</subfield>
    <subfield code="o">LMA LIV 2015 B529 Or.4</subfield>
    <subfield code="p">A03694</subfield>
    <subfield code="r">2016-11-10</subfield>
    <subfield code="w">2016-11-10</subfield>
    <subfield code="y">LMA</subfield>
  </datafield>
  <datafield tag="952" ind1=" " ind2=" ">
    <subfield code="0">0</subfield>
    <subfield code="1">0</subfield>
    <subfield code="2">ddc</subfield>
    <subfield code="4">0</subfield>
    <subfield code="6">LMA_LIV_2015_000000000000000_B529_OR_5</subfield>
    <subfield code="7">0</subfield>
    <subfield code="9">56517</subfield>
    <subfield code="a">LBB</subfield>
    <subfield code="b">LBB</subfield>
    <subfield code="c">B529</subfield>
    <subfield code="d">2016-11-10</subfield>
    <subfield code="o">LMA LIV 2015 B529 Or.5</subfield>
    <subfield code="p">A03844</subfield>
    <subfield code="r">2016-11-10</subfield>
    <subfield code="w">2016-11-10</subfield>
    <subfield code="y">LMA</subfield>
  </datafield>
  <datafield tag="952" ind1=" " ind2=" ">
    <subfield code="0">0</subfield>
    <subfield code="1">0</subfield>
    <subfield code="2">ddc</subfield>
    <subfield code="4">0</subfield>
    <subfield code="6">LMA_LIV_2015_000000000000000_B529_OR_6</subfield>
    <subfield code="7">0</subfield>
    <subfield code="9">56518</subfield>
    <subfield code="a">LBB</subfield>
    <subfield code="b">LBB</subfield>
    <subfield code="c">B529</subfield>
    <subfield code="d">2016-11-10</subfield>
    <subfield code="o">LMA LIV 2015 B529 Or.6</subfield>
    <subfield code="p">A03816</subfield>
    <subfield code="r">2016-11-10</subfield>
    <subfield code="w">2016-11-10</subfield>
    <subfield code="y">LMA</subfield>
  </datafield>
  <datafield tag="952" ind1=" " ind2=" ">
    <subfield code="0">0</subfield>
    <subfield code="1">0</subfield>
    <subfield code="2">ddc</subfield>
    <subfield code="4">0</subfield>
    <subfield code="6">LMA_LIV_2015_000000000000000_B529_OR_7</subfield>
    <subfield code="7">0</subfield>
    <subfield code="9">56519</subfield>
    <subfield code="a">LBB</subfield>
    <subfield code="b">LBB</subfield>
    <subfield code="c">B529</subfield>
    <subfield code="d">2016-11-10</subfield>
    <subfield code="o">LMA LIV 2015 B529 Or.7</subfield>
    <subfield code="p">A03790</subfield>
    <subfield code="r">2016-11-10</subfield>
    <subfield code="w">2016-11-10</subfield>
    <subfield code="y">LMA</subfield>
  </datafield>
</record>
